000 00229nmm a2200085Ia 4500
008 220120s9999||||xx |||||||||||||||||und||
100 _aPCQ
245 0 _a12 open source health monitoring tools
260 _aCyber media Pvt. Ltd.
_c2014
999 _c139911
_d139911